| 000 | 01243nam a2200253 a 4500 | ||
|---|---|---|---|
| 001 | 000013473 | ||
| 005 | 20200929163236.0 | ||
| 008 | 091125s1981 dr 000 0 spa d | ||
| 040 |
_aDO-SdBNP _bspa _cBNPHU |
||
| 082 |
_a347.013 _bC292t, 1981 |
||
| 100 | 1 |
_aCaro, Néstor _928234 |
|
| 245 | 1 | 3 |
_aEl tribunal superior administrativo : _bsu procedencia / _cNéstor Caro, R. Romero Feliciano. |
| 250 | _a[2ª ed.] | ||
| 260 |
_aSan Pedro de Macorís, República Dominicana : _bUniversidad Central del Este, _c1981. _fTaller |
||
| 300 |
_a78 p. ; _c24 cm. |
||
| 500 | _aIncluye datos biográficos de los autores en la contraportada. | ||
| 505 | 0 |
_gPrólogo a la segunda edición -- _gPreámbulo -- _tLey no. 1494 que instituye la jurisdicción contencioso-administrativo -- _tFichas en la Jurisprudencia de lo contencioso-administrativo del Lic. Humberto Doucudray -- _tDos sentencias para una orientación -- _tÍndice temático de la Ley 1494. |
|
| 650 | 4 |
_aTribunales _xDerecho y legislación _930781 |
|
| 651 | 4 |
_aRepública Dominicana _xTribunal Constitucional _xLegislación _930782 |
|
| 651 | 4 |
_aRepública Dominicana _xLey 1494 _930783 |
|
| 700 | 1 |
_aRomero Feliciano, R _930784 |
|
| 910 | _aValidado. Control de calidad EMS | ||
| 049 | _aBNPD | ||
| 999 |
_c13097 _d13097 |
||